| 000 | 00518cam a2200193ua 4500 | ||
|---|---|---|---|
| 020 | _c45.00 | ||
| 041 |
_aeng _h |
||
| 082 |
_a540.2462 _bKUR/CH |
||
| 100 | _aKuriacose, J C . | ||
| 245 |
_aChemistry in engineering and technology vol-1 / _cJ C Kuriacose. _hTextual Documents |
||
| 260 |
_aNew Delhi : _bTata Mc-Graw Hill Publishing Company , _c1984. |
||
| 300 | _a672 ; . | ||
| 365 | _a45.00 | ||
| 504 | _a | ||
| 700 | 1 | _aRajaram, J . | |
| 942 | _cBK | ||
| 999 |
_c10315 _d10315 |
||